|
|
|
|
| LEADER |
00000nam0a2200000 4500 |
| 001 |
157892 |
| 005 |
20231101222009.0 |
| 010 |
|
|
|a 9785911809041
|b 2500 экз.
|
| 021 |
|
|
|a RU
|b 08-90346
|9 08-5279
|
| 035 |
|
|
|a (RuTPU)RU\TPU\book\171262
|
| 090 |
|
|
|a 157892
|
| 100 |
|
|
|a 20081210d2008 km y0rusy5002 ca
|
| 101 |
1 |
|
|a rus
|c eng
|
| 102 |
|
|
|a RU
|
| 105 |
|
|
|a a z 001zy
|
| 200 |
1 |
|
|a JavaScript. Профессиональные приемы программирования
|e пер. с англ.
|f Дж. Рейсиг
|
| 210 |
|
|
|a СПб.
|c Питер
|d 2008
|
| 215 |
|
|
|a 352 с.
|c ил.
|
| 225 |
1 |
|
|a Библиотека программиста
|
| 320 |
|
|
|a Предм. указ.: с. 345-351.
|
| 330 |
|
|
|a Эта книга адресована, прежде всего, разработчикам. На практических примерах создания вебсайтов подробно рассмотрены возможности и особенности современного языка JavaScript, вместе с тем здесь нет информации для начинающих о структуре и синтаксисе языка, предполагается, что читатель знаком с ними. Книга состоит из четырех частей: разработка на JavaScript — использование объектно-ориентированного подхода, написание кода, тестирование и отладка; реализация модели DOM; технология Ajax — использование библиотек для ускорения процесса разработки; будущее JavaScript — использование JSON и HTML 5. Кроме того, в приложении содержится справочная информация о реализации DOM в различных браузерах, включая IE7.
|
| 606 |
0 |
|
|a Программирования языки объектно-ориентированные
|2 RuMRKP
|
| 606 |
0 |
|
|a Интернет
|x Web-страницы
|x Составление
|2 RuMRKP
|
| 606 |
0 |
|
|a Машинная графика
|2 RuMRKP
|
| 606 |
1 |
|
|a JavaScript
|x язык программирования
|2 stltpush
|3 (RuTPU)RU\TPU\subj\67471
|9 83256
|
| 610 |
1 |
|
|a алгоритмические языки
|
| 610 |
1 |
|
|a возможности
|
| 610 |
1 |
|
|a использование
|
| 610 |
1 |
|
|a особенности
|
| 610 |
1 |
|
|a кодирование
|
| 610 |
1 |
|
|a тестирование
|
| 610 |
1 |
|
|a отладка
|
| 610 |
1 |
|
|a Ajax
|
| 610 |
1 |
|
|a CSS
|
| 675 |
|
|
|a 681.3.06:800.92
|v 3
|
| 700 |
|
1 |
|a Рейсиг
|b Дж.
|g Джон
|4 070
|
| 801 |
|
1 |
|a RU
|b 63413507
|c 20090415
|g PSBO
|
| 801 |
|
2 |
|a RU
|b 63413507
|c 20090709
|g PSBO
|
| 942 |
|
|
|c BK
|
| 959 |
|
|
|a 49/20090413
|d 1
|e 311,00
|f ЧЗТЛ:1
|